00824cam a2200241 i 4500999001500000001000600015003000900021005001700030008004100047020001800088040003800106082001600144100001700160245007400177250001200251260003400263300004700297504005100344650002300395700002000418942001200438952013200450 c6313d631319209BD-DhUAP20201229122048.0201229s2013 ii b 001 0 eng  a9789351430056 aBD-DhUAPcBD-DhUAPdBD-DhUAPbEng00a341 KAN223 aKanade, Jai.10aPublic international law :ba primer /cJai Kanade and Vishal Kanade. a1st ed. aIndia :bLexis Nexis,cc2013. axxii, 422 pages :billustrations ;c24 cm. aIncludes bibliographical references and index. 0aInternational law. aKanade, Vishal. 2ddccBK 00102ddc4070aUAPCLbUAPCLcGeneral Stacksd2020-12-29l2m2o341 KANp3010019209r2026-03-02s2026-01-26t1w2020-12-29yBK